El gran libro de la ecología / (Registro nro. 19880)

Detalles MARC
000 -CABECERA
Campo de control 00980nam a2200265 a 4500
005 - FECHA Y HORA DE LA ULTIMA TRANSACCION
Campo de control 20171002170619.0
008 - ELEMENTOS DE LONGITUD FIJA—INFORMACION GENERAL
Campo de control 160219s2015 sp a gr 00010 spa d
020 ## - ISBN
ISBN 9788426141743
040 ## - FUENTE DE CATALOGACIÓN
Agencia catalogadora original CO-BoBLA
Agencia transcriptora CO-BoBLA
041 ## - IDIOMA
Código de idioma para texto/pista de sonido o título separado Español
043 ## - GEOGRAPHIC AREA CODE
Geographic area code e-sp---
044 ## - PAÍS DE PUBLICACIÓN
País de publicación España
082 ## - NUMERO DE CLASIFICACION DECIMAL DEWEY
Número de clasificación I-JUV
Número del ítem 03
100 1# - ASIENTO PRINCIPAL--NOMBRE PERSONAL
Nombre personal Hoffman, Mary,
Fechas asociadas con el nombre 1945-
9 (RLIN) 85585
245 13 - MENCION DE TITULO
Título El gran libro de la ecología /
Mención de responsabilidad Mary Hoffman ; ilustraciones Ros Asquith ; traducción Anna Gasol.
260 ## - PUBLICACION, DISTRIBUCION, ETC. (PIE DE IMPRENTA)
Lugar de publicación, distribución, etc. Barcelona :
Nombre del editor, distribuidor, etc. Editorial Juventud,
Fecha de publicación, distribución, etc. 2015.
300 ## - DESCRIPCION FISICA
Extensión 36 páginas :
Otros detalles físicos ilustraciones a color
Dimensiones 31 x 22cm.
534 ## - NOTA DE VERSION ORIGINAL
Frase introductoria Título original :
Título del original The Great Big Green Book.
650 #4 - ASIENTO SECUNDARIO DE MATERIA - TERMINO TEMATICO
Término temático o nombre geográfico como elemento de entrada Ecología
Subdivisión general Literatura infantil.
9 (RLIN) 85586
650 #6 - ASIENTO SECUNDARIO DE MATERIA - TERMINO TEMATICO
Término temático o nombre geográfico como elemento de entrada Protección de los recursos naturales
Subdivisión general Literatura infantil.
9 (RLIN) 85587
700 1# - ASIENTO SECUNDARIO - NOMBRE PERSONAL
Nombre personal Asquith, Ros,
Término de relación ilustrador.
9 (RLIN) 85178
700 1# - ASIENTO SECUNDARIO - NOMBRE PERSONAL
Nombre personal Gasol, Anna,
Término de relación traductora.
9 (RLIN) 85179
942 ## - ELEMENTOS ADICIONALES (KOHA)
Sistema de clasificación Local
Tipo de ítem Libro
949 ## - LOCAL PROCESSING INFORMATION (OCLC)
a n
b n
Existencias
Withdrawn status Lost status Sistema de Clasificación Damaged status No para préstamo Colección Inventariado Ubicación Permanente Ubicación actual Fecha de adquisición Fuente de Valor Valor Total Checkouts Número topográfico Inventario / Código de Barras Date last seen Date checked out Ejemplar Price effective from Forma de adquisición Tipo de material
    Local     Infantil Inventariado 2017 Bogotá Bogotá 26/09/2017 Lerner 96000.00 1 I-JUV 03 042783 02/05/2018 17/04/2018 Ej. 1 26/09/2017 Compra Libro